Trigonometry / (Record no. 26405)

MARC details
000 -LEADER
fixed length control field 01276cam a2200337 i 4500
001 - CONTROL NUMBER
control field 11960223
003 - CONTROL NUMBER IDENTIFIER
control field EG-ScBUE
005 - DATE AND TIME OF LATEST TRANSACTION
control field 20241024092137.0
008 - FIXED-LENGTH DATA ELEMENTS--GENERAL INFORMATION
fixed length control field 000331t2004 maua f 001 0 eng d
020 ## - INTERNATIONAL STANDARD BOOK NUMBER
International Standard Book Number 061831797X
020 ## - INTERNATIONAL STANDARD BOOK NUMBER
International Standard Book Number 9780618317974
040 ## - CATALOGING SOURCE
Original cataloging agency DLC
Language of cataloging eng
Description conventions rda
Transcribing agency DLC
Modifying agency DLC
-- EG-ScBUE
082 04 - DEWEY DECIMAL CLASSIFICATION NUMBER
Edition number 22
Classification number 516.24
Item number LAR
100 1# - MAIN ENTRY--PERSONAL NAME
Personal name Larson, Ron,
Dates associated with a name 1941-
Relator term author.
9 (RLIN) 38309
245 10 - TITLE STATEMENT
Title Trigonometry /
Statement of responsibility, etc Ron Larson, Robert P. Hostetler, The Pennsylvania State University, The Behrend College ; with the assistance of David C. Falvo, The Pennsylvania State University, The Behrend College.
250 ## - EDITION STATEMENT
Edition statement Sixth edition.
264 #1 - PUBLICATION, DISTRIBUTION, ETC. (IMPRINT)
Place of publication, distribution, etc Boston ;
-- New York :
Name of publisher, distributor, etc Houghton Mifflin Company,
Date of publication, distribution, etc [2004]
264 #4 - PUBLICATION, DISTRIBUTION, ETC. (IMPRINT)
Date of publication, distribution, etc c2004
300 ## - PHYSICAL DESCRIPTION
Extent 1 volume (various pagings) :
Other physical details illustrations (some color) ;
Dimensions 27 cm
336 ## - CONTENT TYPE
Source rdacontent
Content type term text
Content type code txt
337 ## - MEDIA TYPE
Media type term unmediated
Source rdamedia
Media type code n
338 ## - CARRIER TYPE
Carrier type term volume
Carrier type code nc
Source rdacarrier
500 ## - GENERAL NOTE
General note Includes index.
650 #7 - SUBJECT ADDED ENTRY--TOPICAL TERM
Topical term or geographic name as entry element Trigonometry.
Source of heading or term BUEsh
653 ## - INDEX TERM--UNCONTROLLED
Resource For college Generalities
Arrived date list March2018
655 ## - INDEX TERM--GENRE/FORM
Form subdivision Reading book
700 1# - ADDED ENTRY--PERSONAL NAME
Personal name Hostetler, Robert P.,
Relator term author.
700 1# - ADDED ENTRY--PERSONAL NAME
Personal name Falvo, David C.,
Relator term author.
9 (RLIN) 3440
856 42 - ELECTRONIC LOCATION AND ACCESS
Materials specified Contributor biographical information
Uniform Resource Identifier <a href="http://www.loc.gov/catdir/enhancements/fy1302/00103028-b.html">http://www.loc.gov/catdir/enhancements/fy1302/00103028-b.html</a>
942 ## - ADDED ENTRY ELEMENTS (KOHA)
Source of classification or shelving scheme Dewey Decimal Classification
Koha item type Book - Borrowing
Holdings
Withdrawn status Lost status Source of classification or shelving scheme Damaged status Not for loan Collection code Home library Current library Shelving location Date acquired Source of acquisition Total Checkouts Full call number Barcode Date last seen Price effective from Koha item type
    Dewey Decimal Classification     Alahram Central Library Central Library First floor 26/03/2018 Purchase   516.24 LAR 000047505 15/07/2025 26/03/2018 Book - Borrowing